| 000 | 00800cab a2200277 4500 | ||
|---|---|---|---|
| 001 | ABS57130 | ||
| 008 | 090401t1997 xxu||||| |||| 00| 0 eng d | ||
| 035 | _a(Sirsi) u79195 | ||
| 041 | _aeng | ||
| 100 | _aSeidl, A. | ||
| 245 | 2 | _aA window of opportunity | |
| 260 | _c1997 | ||
| 350 | _a0 | ||
| 490 |
_aEstates Gazette _v(9725) 21 June 1997, 54-55(2) |
||
| 520 | _aReports on new rules for health sector PFI schemes which could signal and overall change of direction for the government. | ||
| 650 | _aHEALTH SECTOR | ||
| 650 | _aLABOUR GOVERNMENT | ||
| 650 | _aMOD | ||
| 650 | _aPFI REFORM | ||
| 650 | _aPFI | ||
| 650 | _aPRIVATE FINANCE INITIATIVE | ||
| 650 | _aPRIVATE FINANCE PANEL | ||
| 690 | _aPROPERTY-PROPERTY FINANCE AND INVESTMENT | ||
| 942 | _n0 | ||
| 948 | _c25/06/1997 | ||
| 999 |
_c49785 _d49785 |
||